000 00898nam a2200241 i 4500
001 35055
003 ES-MaACL
005 20240130125026.0
007 t|
008 220419s2012 ae 001 0dfre d
080 _a978-9931-348-39-9
100 1 _aHamet, Ismaël.
_9174392
245 1 0 _aMémoire culturelle algérienne :
_barticles parus dans des périodiques, 1907-1924.
260 _a[Alger] :
_bUniversité d'Alger,
_c[2012]
300 _a169 p. ;
_c23 cm.
490 1 _aPublications du cinquantenaire de l'Université d'Alger, 1962-2012
651 4 _aArgelia-
_xHistoria-
_yS.XX.
_97804
830 1 _aPublications du cinquantenaire de l'Université d'Alger, 1962-2012
_9229524
852 4 _aES-MaACL
_jA-14932
_936338
_bR.152302
_cDEPO1
_dOlim: N-7932
_hDonacion: Mohand Mouzai
903 _9234971
_aMouzai, Mohand
_ednr
942 _2udc
_cMONOGRAFIA
999 _c35055
_d35055